| 000 | 00681cam a22002291 4500 | ||
|---|---|---|---|
| 001 | g 01001086 | ||
| 003 | DLC | ||
| 005 | 20260227111253.0 | ||
| 008 | 870810s1900 gw b 000 0 ger | ||
| 010 | _ag 01001086 | ||
| 035 | _a(OCoLC)16412896 | ||
| 040 |
_aDLC _cOCoLC _dDLC |
||
| 042 | _apremarc | ||
| 050 | 0 | 0 |
_aHB2683 _b.G62 |
| 100 | 1 |
_aGoldstein, Joseph M., _d1868- |
|
| 245 | 0 | 0 |
_aBevölkerungsprobleme und Berufsgliederung in Frankreich. _cVon Dr. J. Goldstein ... |
| 260 |
_aBerlin, _bJ. Guttentag, _c1900. |
||
| 300 |
_avi p., 1 l., 223, [1] p. _c22 cm. |
||
| 504 | _aBibliography: p. [215]-223. | ||
| 651 | 0 |
_aFrance _xPopulation. |
|
| 650 | 0 |
_aOccupations _zFrance. |
|
| 999 |
_c23645 _d23645 |
||